000 00419nam a2200181Ia 4500
001 1584
005 20260306143739.0
008 260306t2005||||xx |||||||||||||| ||spa||
041 _aESP
082 _a152.4
_bS29
100 _aScheler, Max
_eAUT
245 0 _aEsencia y formas de la simpatía
260 _c2005
300 _a349 páginas :
_c22 cm.
650 _aGEN
654 _aCPS
942 _cLIB
_dJUS
_fJUS
_2ddc
_n
999 _c1584
_d1584